<?xml version="1.0" encoding="UTF-8"?><?xml-stylesheet type="text/xsl" href="static/style.xsl"?><OAI-PMH xmlns="http://www.openarchives.org/OAI/2.0/" xmlns:xsi="http://www.w3.org/2001/XMLSchema-instance" xsi:schemaLocation="http://www.openarchives.org/OAI/2.0/ http://www.openarchives.org/OAI/2.0/OAI-PMH.xsd"><responseDate>2026-04-26T23:12:49Z</responseDate><request verb="GetRecord" identifier="oai:repisalud.isciii.es:20.500.12105/26210" metadataPrefix="marc">https://repisalud.isciii.es/rest/oai/request</request><GetRecord><record><header><identifier>oai:repisalud.isciii.es:20.500.12105/26210</identifier><datestamp>2025-12-18T12:51:57Z</datestamp><setSpec>com_20.500.12105_2052</setSpec><setSpec>com_20.500.12105_2051</setSpec><setSpec>col_20.500.12105_19609</setSpec></header><metadata><record xmlns="http://www.loc.gov/MARC21/slim" xmlns:dcterms="http://purl.org/dc/terms/" xmlns:doc="http://www.lyncode.com/xoai" xmlns:xsi="http://www.w3.org/2001/XMLSchema-instance" xsi:schemaLocation="http://www.loc.gov/MARC21/slim http://www.loc.gov/standards/marcxml/schema/MARC21slim.xsd">
   <leader>00925njm 22002777a 4500</leader>
   <datafield ind2=" " ind1=" " tag="042">
      <subfield code="a">dc</subfield>
   </datafield>
   <datafield ind2=" " ind1=" " tag="720">
      <subfield code="a">Garcia-Alvarez, Monica</subfield>
      <subfield code="e">author</subfield>
   </datafield>
   <datafield ind2=" " ind1=" " tag="720">
      <subfield code="a">Jimenez-Sousa, Maria Angeles</subfield>
      <subfield code="e">author</subfield>
   </datafield>
   <datafield ind2=" " ind1=" " tag="720">
      <subfield code="a">Fernandez-Rodriguez, Amanda</subfield>
      <subfield code="e">author</subfield>
   </datafield>
   <datafield ind2=" " ind1=" " tag="720">
      <subfield code="a">Guzman-Fulgencio, Maria</subfield>
      <subfield code="e">author</subfield>
   </datafield>
   <datafield ind2=" " ind1=" " tag="720">
      <subfield code="a">Resino, Salvador</subfield>
      <subfield code="e">author</subfield>
   </datafield>
   <datafield ind2=" " ind1=" " tag="260">
      <subfield code="c">2014-11</subfield>
   </datafield>
   <datafield ind2=" " ind1=" " tag="520">
      <subfield code="a">There is growing evidence that vitamin D is related to chronic hepatitis C (CHC) pathogenicity. We analyzed the relationship of vitamin D status with advanced liver fibrosis (ALF) in CHC treatment-naïve patients and sustained virologic response (SVR) in CHC patients on pegylated interferon alpha plus ribavirin (pegIFNα/ribavirin) therapy. We performed a meta-analysis of all eligible studies published to date (April, 2014) in PubMed, SCOPUS, LILACS, and the Cochrane Library, assessing plasma/serum vitamin D levels related to ALF and/or SVR. Pooled odds ratios (ORs) were estimated by either fixed or random effects models. Fourteen studies were selected from the literature search, seven for ALF (1,083 patients) and 11 for SVR (2,672 patients). For liver fibrosis, low vitamin D status was related to a diagnosis of ALF, with the cutoffs of 10 ng/mL (OR=2.37, 95% confidence interval [CI]=1.20, 4.72) and 30 ng/mL (OR=2.22, 95% CI=1.24, 3.97) being significant, and a near-significance for 20 ng/mL (OR=1.44, 95% CI=0.99, 2.12). Regarding SVR, a significant heterogeneity among studies was found (P&lt;0.001), and we only found a significant association with SVR for a vitamin D cutoff of 20 ng/mL (OR=0.53, 95% CI=0.31, 0.91). When meta-analysis was performed excluding the outliers, significant pooled ORs were found for all patients (10 ng/mL [OR=0.48, 95% CI=0.34, 0.67] and 20 ng/mL [OR=0.58, 95% CI=0.45, 0.76]) and GT1/4 patients (10 ng/mL [OR=0.53, 95% CI=0.34, 0.81] and 20 ng/mL [OR=0.54, 95% CI=0.39, 0.74]). Conclusion: Low vitamin D status in CHC patients is associated with a higher likelihood of having ALF and lower odds of achieving SVR following pegIFNα/ribavirin therapy.</subfield>
   </datafield>
   <datafield ind1="8" ind2=" " tag="024">
      <subfield code="a">García-Álvarez M, Pineda-Tenor D, Jiménez-Sousa MA, Fernández-Rodríguez A, Guzmán-Fulgencio M, Resino S. Relationship of vitamin D status with advanced liver fibrosis and response to hepatitis C virus therapy: a meta-analysis. Hepatology. 2014 Nov;60(5):1541-50.</subfield>
   </datafield>
   <datafield ind1="8" ind2=" " tag="024">
      <subfield code="a">0270-9139</subfield>
   </datafield>
   <datafield ind1="8" ind2=" " tag="024">
      <subfield code="a">https://hdl.handle.net/20.500.12105/26210</subfield>
   </datafield>
   <datafield ind1="8" ind2=" " tag="024">
      <subfield code="a">24975775</subfield>
   </datafield>
   <datafield ind1="8" ind2=" " tag="024">
      <subfield code="a">10.1002/hep.27281</subfield>
   </datafield>
   <datafield ind1="8" ind2=" " tag="024">
      <subfield code="a">1527-3350</subfield>
   </datafield>
   <datafield ind1="8" ind2=" " tag="024">
      <subfield code="a">Hepatology: official journal of the American Association for the Study of Liver Diseases.</subfield>
   </datafield>
   <datafield ind2="0" ind1="0" tag="245">
      <subfield code="a">Relationship of vitamin D status with advanced liver fibrosis and response to hepatitis C virus therapy: a meta-analysis</subfield>
   </datafield>
</record></metadata></record></GetRecord></OAI-PMH>